| 000 | 02055nam a2200289 c 4500 | ||
|---|---|---|---|
| 003 | BLK | ||
| 005 | 20240427113554.0 | ||
| 008 | 180411b bul|||||r ||||||| ||bul|| | ||
| 010 | _aKNG00212375000 | ||
| 020 | _a978-619-7153-24-8 | ||
| 040 | _aBLK | ||
| 041 |
_aBUL _cBUL |
||
| 080 |
_aБългарска литература _b821.163.2 _x-32(082) _z821.163.2-32(082) |
||
| 139 |
_aБащите не си отиват _bБ 30 |
||
| 245 | 1 | 0 |
_aБащите не си отиват _cсъстав. и ред. Невена Венциславова Дишлиева-Кръстева |
| 257 | _aBGR | ||
| 260 |
_bICU _c2017 _fПловдив : ПК Жанет 45 _aСофия |
||
| 300 |
_a227 с. _c19 см |
||
| 380 | _aX | ||
| 500 | _aБиогр. данни за авт. отпеч. преди разказите. - Ние, оцелелите : няколко думи за начало / Невена Дишлиева-Кръстева: с. 7-11. - На гърба на кн. означено 2. - Съдържа разкази от: Кети Иванова, Цветана Кръстева, Теа Денолюбова, Мария Касимова-Моасе, Василена Чонова, Марин Бодаков, Камен Алипиев - Кедъра, Силвия Чолева, Биляна Курташева, Валентин Дишев, Катя Атанасова, Екатерина Петрова, Надежда Радулова, Зорница София Попганчева, Димитър Коцев - Шошо, Ина Иванова, Ерна Ангелова, Златна Костова, Мариана Де Мео, Манол Пейков, Райна Димитрова, Елена Панайотова, Маргарита Велева, Василена Мирчава. | ||
| 700 |
_aДишлиева-Кръстева, Невена Венциславова _9368652 |
||
| 852 | _aЦб 287173 | ||
| 856 | 4 | _qpdf | |
| 856 | 4 | _qpdf | |
| 942 |
_cKNG _n0 _09 |
||
| 944 |
_aCR _c2024-03-06 _lТеодора Пейчева-Дянкова _k30556 |
||
| 999 |
_c202883 _d202883 |
||